Music Quiz

Random Music or Artist Quiz

Johnny Cash Singles By Any Word Quiz Stats

 Plays Quiz Updated Nov 17, 2017

Challenge
Share
Tweet
Embed
Score 0/164 Timer 06:00
7 Plays Today
Singles % Correct
The Ways of a Woman in Love
97.6%
She Used to Love Me a Lot
96.9%
The Story of a Broken Heart
96.9%
If I Were a Carpenter
96.8%
If I Had a Hammer
96.8%
I Walk the Line
96.7%
A Boy Named Sue
96.6%
The World Needs a Melody
96.6%
A Thing Called Love
96.4%
W. Lee O'Daniel (And the Light Crust Doughboys)
96%
Georgia on a Fast Train
95.9%
Papa Was a Good Man
95.8%
Ballad of a Teenage Queen
95.7%
A Song to Mama
95.5%
One Piece at a Time
95.5%
I Love You Because
95.2%
Dark as a Dungeon
94.8%
Everybody Loves a Nut
94.7%
Thanks a Lot
94.7%
I Will Rock and Roll with You
94.7%
I Would Like to See You Again
94.5%
Home of the Blues
94.5%
You Beat All I Ever Saw
94.1%
I Will Dance with You
94.1%
The Chicken in Black
94.1%
The Man Who Couldn't Cry
93.9%
The Junkie and the Juicehead, Minus Me
93.8%
Even Cowgirls Get the Blues
93.6%
I Just Thought You'd Like to Know
93.6%
The One on the Right Is on the Left
93.5%
What Do I Care
93.4%
The Devil Comes Back to Georgia
93.3%
The Man Comes Around
93.2%
Down the Street to 301
93.2%
You're the Nearest Thing to Heaven
93.2%
The Ballad of Ira Hayes
93.1%
The Night Hank Williams Came to Town
93.1%
Song of the Patriot
93%
The Ballad of Forty Dollars
92.9%
The Reverend Mr. Black
92.9%
The Mystery of Life
92.9%
(Ghost) Riders in the Sky
92.9%
The Streets of Laredo
92.7%
The Sons of Katie Elder
92.7%
In the Jailhouse Now
92.7%
Wings in the Morning
92.6%
I Wish I Was Crazy Again
92.6%
Cat's in the Cradle
92.5%
The Little Drummer Boy
92.5%
Praise the Lord and Pass the Soup
92.5%
I Got Stripes
92.4%
Goin' by the Book
91.4%
After the Ball
91.4%
The Big Battle
91.3%
The Last Gunfighter Ballad
91.2%
Singles % Correct
The Rebel - Johnny Yuma
91%
The Wind Changes
91%
Pick the Wildwood Flower
90.8%
The General Lee
90.8%
That's the Truth
90.8%
The Loving Gift
90.8%
Luther Played the Boogie
90.8%
The Baron
90.8%
The Matador
90.7%
Happy to Be with You
89.3%
Train of Love
89.3%
Give My Love to Rose
88.5%
Straight A's in Love
88.4%
There You Go
87.2%
Love's Been Good to Me
85.1%
Ring of Fire
85%
Man in Black
84.9%
Don't Make Me Go
84.6%
Singin' in Viet Nam Talkin' Blues
84.2%
We Must Believe in Magic
83%
It Ain't Me Babe
82.1%
Seasons of My Heart
82%
God's Gonna Cut You Down
81.9%
Don't Take Your Guns to Town
79.5%
You Dreamer You
78.5%
Next in Line
78.5%
Girl in Saskatoon
78.2%
No Need to Worry
78.2%
Without Love
75.5%
Come in Stranger
75.2%
Sold Out of Flagpoles
74.8%
September When It Comes
72.4%
It'll Be Her
71%
Understand Your Man
70.8%
Oh Lonesome Me
70%
Help Me
69%
There Ain't No Good Chain Gang
67.4%
Folsom Prison Blues
67.3%
My Old Kentucky Home
65.6%
What Is Truth
65.3%
Five Feet High and Rising
64.2%
Father and Daughter (Father and Son)
61.1%
Flesh and Blood
60%
Frankie's Man, Johnny
59.7%
Long-Legged Guitar Pickin' Man
59.7%
Wanted Man
58.5%
So Doggone Lonesome
57.8%
Ain't No Grave
54.8%
It's All Over
52.3%
Any Old Wind That Blows
52.1%
It's Just About Time
50.5%
That Old Wheel
47.3%
Gone Girl
47.1%
All Over Again
46.8%
Look at Them Beans
45.5%
Singles % Correct
Old Time Feeling
45%
I'll Say It's True
44%
They Killed Him
43.9%
I'm Ragged But I'm Right
42.9%
Guess Things Happen That Way
42.1%
Sunday Morning Coming Down
40.1%
Hurt
38.7%
Lady Came from Baltimore
36.7%
I'm Leaving Now
36.6%
Orleans Parish Prison
36.2%
Let Him Roll
34.3%
Ragged Old Flag
34.1%
Rock Island Line
32.9%
Last Time
32.4%
I've Been Everywhere
30.2%
Katy Too
28.2%
Get Rhythm
25.8%
Delia's Gone
24%
Redemption Day
21.2%
Jackson
20.4%
See Ruby Fall
19.9%
Big River
19.8%
Cry! Cry! Cry!
17%
Lady
16.3%
Rosanna's Going Wild
15.7%
Mean Eyed Cat
15.1%
Personal Jesus
14.8%
Bad News
14.8%
Goodbye Little Darlin'
14.3%
Cold Lonesome Morning
14.2%
Daddy Sang Bass
13%
Johnny 99
11.4%
Tennessee Flat Top Box
10.8%
Texas - 1947
6.7%
Bull Rider
6.2%
Orange Blossom Special
6%
Chattanooga City Limit Sign
5.1%
Rusty Cage
4.5%
Children
2.6%
Fair Weather Friends
2.3%
Mister Garfield
2.2%
Smiling Bill McCall
1.8%
Busted
1.8%
Boa Constrictor
1.7%
Oney
1.5%
Second Honeymoon
1.5%
Kate
1.4%
Sixteen Tons
1.3%
Bonanza
1.2%
Mobile Bay
1.1%
Blistered
1.1%
Strawberry Cake
0.9%
Farmer's Almanac
0.6%
Allegheny
0.5%

You're not logged in!

Compare scores with friends on all Sporcle quizzes.
Join for Free
OR
Log In

You Might Also Like...

Show Comments

Extras

Top Quizzes Today


Score Distribution

Your Account Isn't Verified!

In order to create a playlist on Sporcle, you need to verify the email address you used during registration. Go to your Sporcle Settings to finish the process.

Report this User

Report this user for behavior that violates our Community Guidelines.

Details: